Datum a čas kvízu
21.5
Celkem bodů
Celkový počet nahraných bodů na tomto kvízu bez doplňovacích otázek.
7.
Pořadí na kvízu
Konečné umístění týmu na tomto kvízu.
Zaznamenané odpovědi
| # | Otázka | Odpověď | Body | Výsledky |
|---|---|---|---|---|
| 1. | V jedné české zoologické zahra... | v Olomouci | 0 | |
| 2. | Jeden z vysoce postavených stá... | na Slovensku | 0 | |
| 3. | V sobotu proběhl velkolepý kon... | Rio de Janeiro | 1 | |
| 4. | Minulý týden byl na aukci v ji... | (zlaté) hodinky | 0 | |
| 5. | V neděli se konal tradiční Pra... | 29. ročník, Staroměstské náměstí | 0 | |
| 6. | Vítězné téma facebookového hla... | Baryk | 0 | |
| 7. | Jak se jmenoval herec, který v... | Ladislav Trojan | 0 | |
| 8. | Který zahraniční dětský seriál... | Tlapková patrola | 0 | |
| 9. | „Chip, Chip, Chip, Chip a Dale... | tajně vinu/fintu svou | 1 | |
| 10. | Napište název oblíbeného dětsk... | Včelka Mája | 0 |